|
|
|
|
| LEADER |
00000nam0a2200000 4500 |
| 001 |
361715 |
| 005 |
20231102011421.0 |
| 035 |
|
|
|a (RuTPU)RU\TPU\retro\19061
|
| 090 |
|
|
|a 361715
|
| 100 |
|
|
|a 20210630d1980 km y0rusy50 ca
|
| 101 |
0 |
|
|a rus
|
| 102 |
|
|
|a RU
|
| 105 |
|
|
|a a z 001zy
|
| 200 |
1 |
|
|a Расчет крепи подземных сооружений в сейсмически активных районах
|f Н. Н. Фотиева
|
| 210 |
|
|
|a Москва
|c Недра
|d 1980
|
| 215 |
|
|
|a 112 с.
|c ил.
|
| 320 |
|
|
|a Библиогр.: с. 218-220
|
| 606 |
1 |
|
|a Рудничное крепление подземное
|2 stltpush
|3 (RuTPU)RU\TPU\subj\25595
|9 49711
|
| 610 |
1 |
|
|a подземные сооружения
|
| 610 |
1 |
|
|a сейсмическая активность
|
| 610 |
1 |
|
|a горная крепь
|
| 610 |
1 |
|
|a расчет
|
| 610 |
1 |
|
|a сейсмические воздействия
|
| 610 |
1 |
|
|a круговые крепи
|
| 610 |
1 |
|
|a напряженное состояние
|
| 610 |
1 |
|
|a тектонические структуры
|
| 675 |
|
|
|a 622.286
|v 4
|
| 700 |
|
1 |
|a Фотиева
|b Н. Н.
|g Нина Наумовна
|
| 801 |
|
1 |
|a RU
|b 63413507
|c 20210630
|
| 942 |
|
|
|c BK
|